00883nam a22001817a 4500003000900000008004100009040007100050082001900121100002400140245015100164260010400315300007300419505015500492650001200647650001200659650001200671650001800683AR-CdUCM190328b ||||| |||| 00| 0 spa d aMUNICIPALIDAD PROVINCIAL DEL CUSCOcBIBLIOTECA MUNICIPAL DEL CUSCO a634.956 /bT48 aThompson, Robert A. aEl Transplante de arboles y otras plantas leñosas :bServicio de parques nacionales departamento del interior de los Estados Unidos de America / aMexico :bCentro regional de ayuda tecnica agencia para el desarrollo internacional (A.I.D),c1954. aVII, 54 paginas ;bilustraciones, graficos, tablas, cuadros,c22 cm. aContenido: seleccion de las plantas -- el transplante de pequeños arboles y arbustos -- traslado de arboles grandes -- maquinaria para mover arboles aArboles aPlantas aLeñas aFlora y Fauna